| 000 | 00678nam a2200241Ia 4500 | ||
|---|---|---|---|
| 005 | 20230523105849.0 | ||
| 008 | 131103s9999 xx 000 0 und d | ||
| 020 | _a151923795 | ||
| 040 | _aLoreto College | ||
| 041 | _aEnglish | ||
| 082 |
_a330.973 _bFRI |
||
| 100 | _aFriedman,Milton | ||
| 245 |
_aTyranny of the status quo _cMilton & Rose Friedman |
||
| 260 |
_aSon Diego _bHarcourt Brace Jovanovich _c1984 |
||
| 300 |
_a[4],182 p. _b ill.,fig.,tables |
||
| 504 | _aIncludes bibliographical references and index | ||
| 630 | _a-1981 | ||
| 650 | _aEconomics | ||
| 651 | _aUnited States - Economic Policy | ||
| 700 | _aFriedman,Rose | ||
| 850 | _aLCLIB | ||
| 942 | _cBK | ||
| 999 |
_c7498 _d57977 |
||